LEADER 01137nam a2200277 i 4500 001 000000136127 003 CaOOAMICUS 005 20211022152614.0 008 050317s1991 it u000 u ita u 013 $a109602 020 $a88-04-35309-0 040 $aSeMil$bita 100 1 $aGroppali, Enrico.$0(OLS)http://semarc/name/55447 245 10$aHermann Hesse :$bnei ricordi del suo medico /$cEnrico Groppali. 264 1$aMilano :$bArnoldo Mondadori Editore,$c1991. 300 $a192 p., [12] p. di tav. ;$c20 cm. 490 1 $aBestsellers saggi ;$v42 600 14$aHesse, Hermann <1877-1962>.$0(OLS)http://semarc/subject/8355 830 0$aBestsellers saggi ;$v42.$0(OLS)http://semarc/title/10900 850 $aSeMil 852 $aSeMil$W1$xVenegono$y1$m1V V 46$j89745$B89745$CSeMilBibl$Z2$F94553 $81 961 $aOmaggio: Martini Card. Carlo Maria 996 $6020$a88-04-35309-0$9(OLS)http://semarc/number/123550 996 $6245$aHermann Hesse :$bnei ricordi del suo medico$9(OLS)http://semarc/title/198913 996 $6264$aMilano :$bArnoldo Mondadori Editore$9(OLS)http://semarc/publisher/30056 LEADER 01423nam a2200265 i 4500 001 000000342296 003 CaOOAMICUS 005 20200928130110.0 008 200928s2017 it m u001 u ita u 013 $a151555 040 $aSeMil$bita 100 1 $aSala, Giuseppe.$0(OLS)http://semarc/name/112188 245 13$aLa fede come scelta personale nella comunità cristiana :$bindagine intorno all'opera di Joseph Ratzinger/papa Benedetto 16. /$ctesi di licenza in teologia dogmatica [del] candidato Giuseppe Sala ; Relatore prof. dr. Manfred Hauke. 260 $aLugano :$b[s.n.],$c2017. 300 $a105 p. ;$c30 cm 500 $aIn testa al front. : Facoltà Teologica di Lugano, Anno accademico 2016/2017. - Dedica autografa dell'autore al Card. Scola 541 0 $aDono del Cardinale Angelo Scola 650 4$aBenedetto XVI - Fede.$0(OLS)http://semarc/subject/41738 650 4$aTesi di laurea.$0(OLS)http://semarc/subject/1690 700 1 $aHauke, Manfred,$d<1956- >.$0(OLS)http://semarc/name/35806 850 $aSeMil 852 $aSeMil$W1$xVenegono$y1$m4X V 43$j221603$B233271$CSeMilBibl$Z2$F233271 $8I 996 $6245$aLa fede come scelta personale nella comunità cristiana :$bindagine intorno all'opera di Joseph Ratzinger/papa Benedetto 16.$9(OLS)http://semarc/title/431146 996 $6260$aLugano :$b[s.n.]$9(OLS)http://semarc/publisher/30550